000
00284nam a22001337a 4500
008
181122b xxu||||| |||| 00| 0 eng d
020
_a
0258014159
041
_a
eng
080
_a
316
100
_a
50
101
_a
SOC
245
_a
Sociology Of Sport
_c
Harry.E
942
_2
udc
_c
BK
999
_c
52423
_d
52423